000 00974nam a2200229Ia 4500
003 IN-BaIIA
008 211028s9999 xx 000 0 eng d
020 _a3-923524-34-X
040 _cIIA Library
080 _a524.7-7(082.2)
_bESO
111 _aESO Workshop & Session on Extranuclear Activity in Galaxies
_cGarching, Germany
_d1989 May 16-18
_916526
245 0 _aExtranuclear activity in galaxies
_bproceedings of a ESO workshop & session on extranuclear activity in galaxies, held in Garching, Germany,
_cedited by E. J. A. Meurs and R. A. E. Fosbury
260 _aGermany
_bEuropean Southern Observatory
_c1989
300 _aviii, 452p.
490 _aESO conference and workshop proceedings no.32
650 _aAstronomy and astrophysics thesaurus
650 _aExtragalactic objects
_93898
650 _aGalaxies
_91286
700 _aFosbury, R. A. E., ed.
_916527
700 _aMeurs, E. J. A., ed.
_916528
942 _cBK
999 _c9761
_d9761